logo

Bir Sreshtho Munshi Abdur Rouf Library
Jhenaidah Cadet College

ফকির-সন্ন্যাসী বিদ্রোহের কথা / (Record no. 3627)

MARC details
000 -LEADER
fixed length control field 00773nam a2200241 a 4500
001 - CONTROL NUMBER
JCCL Control Number 3627
003 - CONTROL NUMBER IDENTIFIER
JCCL marc code BD-JhCC
005 - DATE AND TIME OF LATEST TRANSACTION
control field 20171119095915.0
008 - FIXED-LENGTH DATA ELEMENTS--GENERAL INFORMATION
fixed length control field 171115s2010 bg a|||| ||a| 000 0 ben d
020 ## - INTERNATIONAL STANDARD BOOK NUMBER
International Standard Book Number 9789842000621
035 ## - SYSTEM CONTROL NUMBER
system control number (BD-JhCC)3627
040 ## - CATALOGING SOURCE
Original cataloging agency BD-JhCC
Modifying agency BD-JhCC
041 ## - LANGUAGE CODE
Language code of Book ben
082 ## - DEWEY DECIMAL CLASSIFICATION NUMBER
Classification number 954.20
Author mark and Year SAF 2010
100 ## - MAIN ENTRY--PERSONAL NAME
Personal name সাফায়েত, আহমেদ
245 ## - TITLE STATEMENT
Title ফকির-সন্ন্যাসী বিদ্রোহের কথা /
Statement of responsibility, etc আহমেদ সাফায়েত
260 ## - PUBLICATION, DISTRIBUTION, ETC. (IMPRINT)
Place of publication, distribution, etc ঢাকা :
Name of publisher, distributor, etc অ্যাডর্ন পাবলিকেশন,
Date of publication, distribution, etc ২০১০.
300 ## - PHYSICAL DESCRIPTION
Pagination 28 p. :
Dimensions 21 cm.
650 ## - SUBJECT ADDED ENTRY--TOPICAL TERM
Topical term or geographic name as entry element History of Indian subcontinent
650 ## - SUBJECT ADDED ENTRY--TOPICAL TERM
Topical term or geographic name as entry element Fakir movement
942 ## - ADDED ENTRY ELEMENTS (KOHA)
Source of classification or shelving scheme Dewey Decimal Classification
Koha item type Books
Holdings
Source of classification or shelving scheme Damaged status Not for loan Home library Current library Shelving location Date of accession Cost, normal purchase price Total Checkouts Full call number Barcode Date last seen Copy number Koha item type
Dewey Decimal Classification     JCC Rouf Library JCC Rouf Library General Stacks 11/15/2017 60.00   954.20 SAF 2010 5255 11/15/2017 C-1 Books

JCC Library | Contacts | JCC Home

Last Update on 23 September 2017
Copyright @ 2017-2020 JCC Rouf Library
Rouf Library, Jhenidah Cadet College (JCC), Bangladesh